| 000 | 00938nas a2200325 4500 | ||
|---|---|---|---|
| 001 | BR9401293 | ||
| 003 | BR-BrBNA | ||
| 005 | 20231205093622.0 | ||
| 007 | ta | ||
| 008 | 230509b bl.|||p| |||| 00| 00por d | ||
| 040 |
_aBR-BrBNA _bpor _cBiblioteca Nacional de Agricultura |
||
| 041 | _a(Pt) | ||
| 072 | _aF61 | ||
| 100 | 1 | _aReis, E.L. | |
| 100 | 1 | _aEiras, S.P. | |
| 100 | 1 | _aFaria, L.C. | |
| 100 | 1 | _aBatista, C.M. | |
| 100 | 1 | _aBruns, R.E. | |
| 245 | 1 | _aDistribuicao de Cu, Zu, Mn e B no feijoeiro (Phaseolus vulgaris L.): aplicacao de metodos estatisticos multivariados | |
| 650 | _aFeijao | ||
| 650 | _aMicroelemento | ||
| 650 | _aCobre | ||
| 650 | _aZinco | ||
| 650 | _aMolibdenio | ||
| 650 | _aBoro | ||
| 650 | _aDensidade de Plantio | ||
| 773 | 0 |
_tRevista Ceres (Brazil) _xISSN 0034-737X _g(May-Jun 1992), v. 39(223) p. 195-207 _wBR9401293 |
|
| 909 |
_a202311 _bLúcia _c55 _dLúcia Elande |
||
| 942 |
_2AGRIS _n0 _cANA |
||
| 999 |
_c139490 _d139490 |
||